01460nam a2200265 a 4500001000200000003000900002005001700011007000200028008003900030020001900069040002200088050000600110082002700116100002800143245008900171250001200260260008300272300002100355505058200376650005300958650003901011650004801050650003401098710006201132 DO-SdBNP20210811112218.0 090509s2020 dr 000 0 spa d z 9789945613728 aBPMSUbspacBPMSU b  a305.42bM385a 20202221 a Martínez, Lusitania.10aActitudes femeninas frente a los oficios no tradicionales /cLusitania Martínezb  a2a. ed. aSanto Domingo :bCentro de Solidaridad para el Desarrollo de la Mujer, c2020 a210 p. ;c23 cm.0 aLa división sexual del trabajo : actividades reproductivas y productivas de la mujer -- sexualidad de la división del trabajo -- Introducción: Lo concreto: mujer y trabajo en América Latina -- Variables en la relación mujer-trabajo -- República Dominicana: educación, mujer, trabajo y crisis -- Las actitudes femeninas -- República Dominicana: los Mina Norte, breve contexto global -- Los Mina Norte: un caso de marginalidad -- Las historias de vida de cuatro mujeres marginadas -- Breve perfil de 5 mujeres que hacen oficios de hombre -- Cuadros de la GTZ. 4aEducación de la mujerzRepública Dominicana  4aMujeres en República Dominicana  4aTrabajo de la mujerzRepública Dominicana 4aMujeresxCondiciones sociales2 a Archivo General de la Nación (República Dominicana)